000
00264nam a2200109Ia 4500
008
240625s9999 xx 000 0 und d
041
_a
eng
082
_a
332.1 STO
100
_a
STOWELL DAVIS P
245
_a
INVESTMENT BANKS HEDGE FUNDS AND PRIVATE
260
_c
2014
999
_c
38305
_d
38305